Reforming the Presidential nomination process (Record no. 158262)
[ view plain ]
| 000 -LEADER | |
|---|---|
| fixed length control field | 01789nam a22003614a 4500 |
| 082 04 - DEWEY DECIMAL CLASSIFICATION NUMBER | |
| Classification number | 324.273/015 |
| 245 00 - TITLE STATEMENT | |
| Title | Reforming the Presidential nomination process |
| 260 ## - PUBLICATION, DISTRIBUTION, ETC. (IMPRINT) | |
| Place of publication | Washington, D.C. : |
| Name of publisher | Brookings Institution Press, |
| Year of publication | c2009. |
| 300 ## - PHYSICAL DESCRIPTION | |
| Number of Pages | xiv, 205 p. |
| 520 ## - SUMMARY, ETC. | |
| Summary, etc | "Looks at the presidential nomination process--the ways in which it is broken and how it might be fixed. Addresses the selection process: the importance--and perceived unfairness--of the earliest primaries, media coverage and public endorsements, 'superdelegates.' Evaluates public perceptions of the current process as well as possible reforms"--Provided by publisher. |
| 650 #0 - SUBJECT ADDED ENTRY--TOPICAL TERM | |
| Topical Term | Presidents |
| Topical Term | Nominations for office |
| Topical Term | Primaries |
| 700 1# - ADDED ENTRY--PERSONAL NAME | |
| Personal name | Smith, Steven S., |
| Personal name | Springer, Melanie J. |
| 856 40 - ELECTRONIC LOCATION AND ACCESS | |
| Uniform Resource Identifier | http://site.ebrary.com/lib/rucke/Doc?id=10338433 |
No items available.
